000 00746nab a2200229u 4500
001 17875
003 HDC
007 c| |||a|c|aaaa
008 210224b20140813my ||||| |||| 00| 0 may d
040 _aHDC
245 0 _aEksport nanas dijangka melonjak tahun depan
336 _atext
_2rdacontent
337 _acomputer
_2rdamedia
338 _aonline resource
_2rdacarrier
650 _aLembaga Perindustrian Nanas Malaysia (LPNM)
_99681
650 _apineapple export
_917043
710 _aBERITA HARIAN
856 _zRequest full-text at [email protected]
942 _2lcc
942 _cNEWS
942 _kNWSC 005045
999 _c15191
_d15191